000 00615nam a2200241 a 4500
001 0001-0999
003 ELIB.Books
008 141016 2010 eng
020 _aKBTS
035 _a(ELIB.Books)0001-1153
092 _a248.845
_bSar
100 _aSarju, Sawak
245 _aA Guide to Parenting
260 _aIloilo City
_bCentral Philippine
_c1991
300 _a168
_c20.5 Cm
500 _aDr. Yahalaylayla
700 _aSarju, Sawak
856 _nKBTS; Library
_uKBTS; Elib.
942 _2ddc
_cBK
990 _a1
998 _cbat
_e2014-10-16
_mcat
_u2018-11-19
999 _c10999
_d10999